| 000 | 00515nam a2200169Ia 4500 | ||
|---|---|---|---|
| 008 | 230718s9999 xx 000 0 und d | ||
| 020 | _a9780852261507 | ||
| 041 | _aeng | ||
| 082 |
_a621.38 _bDAS |
||
| 100 |
_aDas J. _9158443 |
||
| 245 |
_aPrinciples Of Digital Communication _bSignal Representation, Detection Estimation And Inforamation Coding |
||
| 260 |
_c2005 _bNew Age |
||
| 300 | _a645 | ||
| 365 |
_cRs. _b235.00 |
||
| 700 | _aDas J., Mullick S.K. & Chatterjee P.K. | ||
| 906 |
_d866/22.11.2005 _cETC _b47 |
||
| 999 |
_c311583 _d311583 |
||